MPK Włocławek Linia 5 (Stara) - Statystyki

Ogólne statystyki
  • Ten quiz został rozwiązany 3 razy
  • Średni wynik to 9 z 21
Statystyki odpowiedzi
Lp Przystanek % Poprawnych
3 Kruszyn
100%
2 Kruszynek
100%
4 Murzynowo
100%
1 Świętosław
100%
16 Wronia - Liga Obrony Kraju
67%
7 Aleja Jana Pawła II - Michelińska
33%
11 Aleja Jana Pawła II - Skrajna
33%
9 Aleja Jana Pawła II - Szkolna
33%
14 Kaliska - Dziewińska
33%
12 Kaliska (pętla)
33%
13 Kaliska - Zbiegniewskiej
33%
5 Nowa Wieś - Przedsiębiorstwo Robót Drogowych
33%
17 Okrzei - Wronia
33%
18 Okrzei - Wyszyńskiego
33%
15 Planty I
33%
19 Wieniecka - Chemików
33%
21 Wieniecka - pętla
33%
20 Wieniecka - Rysia
33%
6 Aleja Jana Pawła II - Brzezinowa
0%
8 Aleja Jana Pawła II - Kościelna
0%
10 Aleja Jana Pawła - Mielęcińska
0%
Nie znaleziono quizów pasujących do podanych kryteriów
Rozkład punktacji
Procent ludzi z każdym wynikiem
Percentyl według liczby udzielonych odpowiedzi
Twoja historia wyników
Nie rozwiązałeś tego quizu